Manufacturing and Agricultural Pollution, Private Mitigation and Wage Inequality in the Presence of Pollution Externalities

Zahrnutie výrobného a poľnohospodárskeho znečistenia do trojsektorového modelu všeobecnej rovnováhy so škodlivými externalitami v oblasti poľnohospodárskej výroby a zdravia pracovnej sily. Skúmanie vplyvov politík na ochranu životného prostredia a nárastu nákladov na zmierňovanie kvalifikovanej a ne...

Descrizione completa

Salvato in:
Dettagli Bibliografici
Autore principale: Wang, Dianshuang
Natura: Capitolo di libro
Lingua:inglese
Soggetti:
Tags: Aggiungi Tag
Nessun Tag, puoi essere il primo ad aggiungerne!!

MARC

LEADER 00000naa a2200000 4500
001 0253559
005 20221104110252.9
041 0 |a eng 
044 |a CZ 
245 1 0 |a Manufacturing and Agricultural Pollution, Private Mitigation and Wage Inequality in the Presence of Pollution Externalities  |c Dianshuang Wang 
520 |a Zahrnutie výrobného a poľnohospodárskeho znečistenia do trojsektorového modelu všeobecnej rovnováhy so škodlivými externalitami v oblasti poľnohospodárskej výroby a zdravia pracovnej sily. Skúmanie vplyvov politík na ochranu životného prostredia a nárastu nákladov na zmierňovanie kvalifikovanej a nekvalifikovanej pracovnej sily na mzdovú nerovnosť. 
610 2 0 |a znečistenie prostredia životného 
610 2 0 |a nerovnosť príjmová 
610 2 0 |a poľnohospodárstvo 
610 2 0 |a výroba 
610 2 0 |a externality 
100 1 |a Wang, Dianshuang